| 000 | 01075nam a22002771i 4500 | ||
|---|---|---|---|
| 003 | SA-RiAUC | ||
| 005 | 20250807065130.0 | ||
| 008 | 250806s1977 ua g 000 0 ara c | ||
| 040 |
_aJO-IrYU _bara _cSA-RiAUC _erda |
||
| 082 | 0 | 4 | _a214.32 |
| 090 |
_a214.32 _bخ ل ا |
||
| 100 | 1 |
_aخلاف، عبد الوهاب بن عبد الواحد، _d1888-1956 _eمؤلف. |
|
| 245 | 1 | 2 |
_aالسياسة الشرعية، أو، نظام الدولة الإسلامية / _cبقلم عبد الوهاب خلاف. |
| 246 | 3 | 3 | _aنظام الدولة الإسلامية |
| 264 | 1 |
_aالقاهرة : _bدار الأنصار، _c1977 |
|
| 300 |
_a151 صفحة؛ _c22 سم. |
||
| 336 |
_aنص _btxt _2rdacontent _3كتاب |
||
| 337 |
_aبدون وسيط _bn _2rdamedia |
||
| 338 |
_aمجلد _bnc _2rdacarrier |
||
| 650 | 7 |
_aالإسلام والسياسة _2aucsh |
|
| 650 | 7 |
_aالنظم الإسلامية _2aucsh |
|
| 650 | 7 |
_aالإسلام والدولة _2aucsh |
|
| 942 |
_2ddc _cBOOK _n0 |
||
| 949 |
_aSA-JeALM _d250806 _umohamedma123 _n1 |
||
| 999 |
_c10613 _d10613 |
||